[Event "Olimpiada Calviá 2004"]
[Site "Calviá ESP"]
[Date "2004.10.17"]
[Round "3.52"]
[White "Faulks, Nick"]
[Black "Warner, Delisle"]
[Result "0-1"]
[WhiteElo "2056"]
[BlackElo "2291"]
[PlyCount "182"]
[EventDate "2004.10.15"]
[EventType "team"]
[EventRounds "14"]
[EventCountry "ESP"]
[Source "lmi"]
[SourceDate "2004.10.27"]

1. e4 e6 2. d4 d5 3. Nc3 Nf6 4. Bg5 Be7 5. e5 Nfd7 6. h4 Bxg5 7. hxg5 Qxg5 8.
Qd3 h5 9. Nh3 Qh6 10. f4 Nb6 11. O-O-O Bd7 12. Kb1 Nc6 13. g4 Nb4 14. Qd2 g6
15. gxh5 gxh5 16. Nf2 Qf8 17. a3 Nc6 18. Be2 h4 19. Ng4 O-O-O 20. Qe1 h3 21.
Qg3 Na5 22. Rxh3 Rxh3 23. Qxh3 Nac4 24. Ka2 c5 25. Qh6 cxd4 26. Qxf8 Rxf8 27.
Rxd4 Rh8 28. b3 Na5 29. Rd1 a6 30. Kb2 Rh4 31. Rf1 Nc6 32. Nf6 Kc7 33. Bh5 Nd8
34. Rf2 Bc6 35. Ne2 Nd7 36. Nxd7 Kxd7 37. Bf3 Bb5 38. a4 Bxe2 39. Bxe2 Nc6 40.
Kc3 Ke7 41. Bd3 f6 42. exf6+ Kxf6 43. b4 Ne7 44. Kd4 e5+ 45. Kc5 e4 46. Be2 Rh7
47. b5 axb5 48. axb5 Kf5 49. c4 dxc4 50. Bxc4 Ng6 51. Be6+ Kf6 52. f5 Ne5 53.
Re2 Nd3+ 54. Kd4 b6 55. Rxe4 Nc5 56. Re3 Rc7 57. Kd5 Nb7 58. Rb3 Rc5+ 59. Kd4
Nd6 60. Bd7 Ke7 61. Bc6 Nxf5+ 62. Ke4 Ke6 63. Rd3 Re5+ 64. Kf4 Nd6 65. Rb3 Rf5+
66. Ke3 Ke5 67. Rb4 Rh5 68. Kd3 Rh3+ 69. Kc2 Nf5 70. Bd7 Rh2+ 71. Kc3 Ne3 72.
Bc6 Rh3 73. Kd2 Kd6 74. Rb3 Nc4+ 75. Kc2 Rh2+ 76. Kc3 Kc5 77. Rb1 Rh3+ 78. Kc2
Na3+ 79. Kb2 Nxb1 80. Kxb1 Rh2 81. Kc1 Kd4 82. Kd1 Kd3 83. Kc1 Kc3 84. Kb1 Rb2+
85. Kc1 Rb4 86. Kd1 Rb1+ 87. Ke2 Kc4 88. Kd2 Rxb5 89. Bxb5+ Kxb5 90. Kc3 Ka4
91. Kb2 Kb4 0-1

[Event "Olimpiada Calviá 2004"]
[Site "Calviá ESP"]
[Date "2004.10.17"]
[Round "3.53"]
[White "Krylov, Sergey"]
[Black "Singh, Ravishen"]
[Result "1/2-1/2"]
[WhiteElo "2407"]
[BlackElo "2093"]
[PlyCount "168"]
[EventDate "2004.10.15"]
[EventType "team"]
[EventRounds "14"]
[EventCountry "ESP"]
[Source "lmi"]
[SourceDate "2004.10.27"]

1. e4 c5 2. Nf3 d6 3. d4 cxd4 4. Nxd4 Nf6 5. Nc3 a6 6. Be3 e6 7. f3 Nbd7 8. g4
h6 9. Qe2 b5 10. O-O-O Bb7 11. Qf2 b4 12. Na4 Qa5 13. b3 Rc8 14. Kb1 Nc5 15.
Nxc5 dxc5 16. Ne2 c4 17. Ng3 c3 18. h4 Bc5 19. Qe1 Bxe3 20. Qxe3 Qa3 21. Qc1
Qxc1+ 22. Kxc1 Ke7 23. Bd3 Nd7 24. g5 Rcd8 25. Be2 Nc5 26. Rxd8 Rxd8 27. Nf1
Rh8 28. Rg1 Nd7 29. g6 f6 30. Ng3 Ne5 31. Nh5 Rg8 32. f4 Nc6 33. Bc4 Nd4 34.
Re1 Nf3 35. Re3 Nd2 36. Bd3 Bc6 37. f5 e5 38. Re2 Bb5 39. Rf2 Kd6 40. Ng3 Kc5
41. Rxd2 cxd2+ 42. Kxd2 Rd8 43. Ke3 a5 44. Nf1 a4 45. Nd2 axb3 46. axb3 Ra8 47.
Bxb5 Kxb5 48. Nf1 Kc5 49. Ng3 Rd8 50. Nh5 Rd7 51. Ng3 Kc6 52. Ke2 Kc7 53. Nf1
Rd4 54. Kf3 Kd6 55. Ne3 Kc5 56. Ng4 Rd1 57. Ne3 Rc1 58. Nd5 Ra1 59. Ke3 Ra7 60.
Kd3 Rd7 61. c4 bxc3 62. b4+ Kb5 63. Kxc3 Ra7 64. Kb3 Kc6 65. Kc4 Kd6 66. b5
Ra4+ 67. Nb4 Ra1 68. b6 Re1 69. Kb5 Rxe4 70. Nd3 Rd4 71. Nc5 Rd5 72. b7 Kc7 73.
Kc4 Rxc5+ 74. Kxc5 Kxb7 75. Kd5 Kc7 76. Ke6 e4 77. Kf7 e3 78. Kxg7 e2 79. Kh8
e1=Q 80. g7 Qxh4 81. g8=Q Qg5 82. Qc4+ Kd6 83. Qd4+ Ke7 84. Qc5+ Kd7 1/2-1/2

[Event "Olimpiada Calviá 2004"]
[Site "Calviá ESP"]
[Date "2004.10.17"]
[Round "3.53"]
[White "Lee, Cecil"]
[Black "Berlinsky, Vladimir"]
[Result "0-1"]
[WhiteElo "2048"]
[BlackElo "2347"]
[PlyCount "74"]
[EventDate "2004.10.15"]
[EventType "team"]
[EventRounds "14"]
[EventCountry "ESP"]
[Source "lmi"]
[SourceDate "2004.10.27"]

1. c4 e5 2. Nc3 Nc6 3. g3 f5 4. Bg2 Nf6 5. e3 g6 6. Nge2 Bg7 7. d3 O-O 8. O-O
d6 9. Rb1 a5 10. b3 Ne7 11. Nd5 c6 12. Nxf6+ Bxf6 13. d4 e4 14. Bb2 d5 15. Ba3
Be6 16. Bxe7 Bxe7 17. c5 Qc7 18. Qc2 g5 19. b4 axb4 20. Rxb4 Rae8 21. Qb3 Bc8
22. Rb1 Bd8 23. Qb2 Qg7 24. Rb3 h5 25. Qd2 Bc7 26. Kh1 Re6 27. Rf1 h4 28. gxh4
Rh6 29. h5 Rxh5 30. Ng3 Rh4 31. Rfb1 f4 32. exf4 gxf4 33. Nf1 f3 34. Bxf3 exf3
35. Ng3 Qh7 36. Qg5+ Kh8 37. Kg1 Rxh2 0-1

[Event "Olimpiada Calviá 2004"]
[Site "Calviá ESP"]
[Date "2004.10.17"]
[Round "3.53"]
[White "Mora Manez, Julio"]
[Black "Cave, Christo"]
[Result "0-1"]
[WhiteElo "2064"]
[BlackElo "2276"]
[PlyCount "80"]
[EventDate "2004.10.15"]
[EventType "team"]
[EventRounds "14"]
[EventCountry "ESP"]
[Source "lmi"]
[SourceDate "2004.10.27"]

1. e4 e6 2. d4 d5 3. Nd2 Nf6 4. e5 Nfd7 5. Bd3 c5 6. c3 Nc6 7. Ngf3 Be7 8. O-O
cxd4 9. cxd4 f5 10. exf6 Nxf6 11. Re1 O-O 12. Nf1 Qb6 13. b3 Bd7 14. Bb2 Rac8
15. a3 Bd6 16. Ng3 Ne7 17. Ne5 Bxe5 18. Rxe5 Kh8 19. Bc2 Be8 20. Qe2 Nc6 21.
Rxe6 Nxd4 22. Bxd4 Qxd4 23. Re1 Bd7 24. Re7 Ng4 25. Nh1 Qf4 26. g3 Qh6 27. f4
Qb6+ 28. Kg2 Nf6 29. Nf2 Qc5 30. Bb1 Qxa3 31. Qd3 Bc6 32. g4 Ne4 33. Nxe4 dxe4
34. R7xe4 Rcd8 35. Qh3 Rxf4 36. Kg1 Rxe4 37. Bxe4 Bxe4 38. Rxe4 Rd1+ 39. Kf2
Qf8+ 40. Ke2 Rb1 0-1

[Event "Olimpiada Calviá 2004"]
[Site "Calviá ESP"]
[Date "2004.10.17"]
[Round "3.54"]
[White "Maduro, Sherman"]
[Black "Thamtavatvorn, Taweechai"]
[Result "0-1"]
[WhiteElo "2116"]
[BlackElo "2214"]
[PlyCount "70"]
[EventDate "2004.10.15"]
[EventType "team"]
[EventRounds "14"]
[EventCountry "ESP"]
[Source "lmi"]
[SourceDate "2004.10.27"]

1. e4 e6 2. d4 d5 3. Nc3 Bb4 4. Bd3 c5 5. a3 Bxc3+ 6. bxc3 c4 7. Bf1 Nf6 8. e5
Nfd7 9. Qg4 Kf8 10. Nh3 Nc6 11. Be2 Qa5 12. Bd2 Ne7 13. O-O Kg8 14. f4 Nf5 15.
Ng5 h5 16. Qh3 Nxd4 17. cxd4 Qxd2 18. Rf2 Qxd4 19. Rd1 Qb6 20. Bxh5 g6 21. g4
Nf8 22. Qg3 Bd7 23. h4 c3 24. Kh2 Rc8 25. f5 exf5 26. Rxd5 Bc6 27. Rd1 Rd8 28.
Rdf1 Rd2 29. e6 fxe6 30. Nxe6 Nxe6 31. Rxd2 cxd2 32. gxf5 Qc7 33. Qxc7 Nxc7 34.
Bxg6 Rxh4+ 35. Kg3 Rd4 0-1

[Event "Olimpiada Calviá 2004"]
[Site "Calviá ESP"]
[Date "2004.10.17"]
[Round "3.55"]
[White "Mannhart, Marcel"]
[Black "Kawuma, Steven Male"]
[Result "1-0"]
[WhiteElo "2191"]
[BlackElo "2141"]
[PlyCount "139"]
[EventDate "2004.10.15"]
[EventType "team"]
[EventRounds "14"]
[EventCountry "ESP"]
[Source "lmi"]
[SourceDate "2004.10.27"]

1. Nc3 c5 2. Nf3 Nc6 3. d4 cxd4 4. Nxd4 Nf6 5. Bg5 Qa5 6. Bxf6 gxf6 7. Nb3 Qd8
8. e3 Bg7 9. Qh5 d6 10. O-O-O Ne5 11. h3 O-O 12. f4 Ng6 13. Be2 Bd7 14. h4 f5
15. Qg5 h6 16. Qg3 Re8 17. h5 Nf8 18. Bf3 Rb8 19. Nd5 e6 20. Nc3 d5 21. Qf2 b5
22. g4 fxg4 23. Bxg4 f5 24. Bf3 Qc7 25. Rhg1 Re7 26. Rg2 Kh8 27. Nd4 b4 28.
Nce2 a5 29. Kb1 a4 30. Qh4 Rf7 31. Qe1 Bc8 32. Qd2 Ba6 33. Nc1 Bc4 34. b3 Bb5
35. Be2 Bxe2 36. Ncxe2 Qb6 37. Nf3 Nd7 38. Rdg1 Qc7 39. Ned4 Nc5 40. Ne5 Bxe5
41. fxe5 Ne4 42. Qd3 Ng5 43. Rxg5 hxg5 44. Nxe6 Qxe5 45. Nxg5 Re7 46. Qa6 Rg7
47. bxa4 Qxe3 48. Qh6+ Kg8 49. Rg3 Qe1+ 50. Kb2 Qe5+ 51. Kb1 Qe1+ 52. Kb2 Qe5+
53. Kb1 Re8 54. Qc6 Qe1+ 55. Kb2 Qe5+ 56. Kb1 f4 57. Nf3 Qe6 58. Rxg7+ Kxg7 59.
Qc7+ Qf7 60. h6+ Kf8 61. Qd6+ Kg8 62. Ng5 Re1+ 63. Kb2 Qe7 64. Qg6+ Kh8 65.
Nf7+ Qxf7 66. Qxf7 Rg1 67. Qxf4 Kh7 68. a5 Rg6 69. Qf7+ Kxh6 70. Qxg6+ 1-0

[Event "Olimpiada Calviá 2004"]
[Site "Calviá ESP"]
[Date "2004.10.17"]
[Round "3.55"]
[White "Guller, Andras"]
[Black "Kantinti, Shadrack"]
[Result "0-1"]
[WhiteElo "2110"]
[BlackElo "2188"]
[PlyCount "80"]
[EventDate "2004.10.15"]
[EventType "team"]
[EventRounds "14"]
[EventCountry "ESP"]
[Source "lmi"]
[SourceDate "2004.10.27"]

1. d4 Nf6 2. Nf3 b6 3. g3 Bb7 4. Bg2 g6 5. O-O Bg7 6. c3 O-O 7. Nbd2 d6 8. b3
Nbd7 9. Bb2 e5 10. dxe5 dxe5 11. Qc2 c5 12. Nc4 Qe7 13. Rad1 Ne8 14. Ne3 e4 15.
Nd2 f5 16. c4 Bd4 17. Nd5 Qg7 18. Bxd4 cxd4 19. Nb1 Nc5 20. Qb2 Ne6 21. f3 Nd6
22. Na3 Rad8 23. Nc2 b5 24. fxe4 fxe4 25. Nf4 Nxf4 26. gxf4 Nf5 27. cxb5 Rd6
28. b4 Rfd8 29. Qb3+ Kh8 30. Qh3 Rc8 31. Rc1 Rc3 32. Qg4 Qc7 33. b6 axb6 34.
Nxd4 Rxd4 35. Rxc3 Qxc3 36. Qg5 Rd6 37. b5 Qe3+ 38. Kh1 Qxe2 39. Rg1 h6 40. Bf1
e3+ 0-1

[Event "Olimpiada Calviá 2004"]
[Site "Calviá ESP"]
[Date "2004.10.17"]
[Round "3.56"]
[White "Chau, Sau Ming"]
[Black "Van Tilbury, Craig"]
[Result "1-0"]
[WhiteElo "2230"]
[BlackElo "2309"]
[PlyCount "85"]
[EventDate "2004.10.15"]
[EventType "team"]
[EventRounds "14"]
[EventCountry "ESP"]
[Source "lmi"]
[SourceDate "2004.10.27"]

1. d4 d5 2. c4 e6 3. Nc3 Nf6 4. cxd5 exd5 5. Bg5 Be7 6. e3 c6 7. Bd3 Nbd7 8.
Qc2 Nf8 9. Nf3 Ne6 10. Bh4 g6 11. a3 Ng7 12. b4 Bf5 13. Na4 O-O 14. Ne5 a5 15.
O-O Nd7 16. Bxe7 Qxe7 17. Nxd7 Bxd7 18. Nb6 Ra7 19. Qc5 Qxc5 20. bxc5 Bf5 21.
Be2 h5 22. h3 h4 23. Kh2 Re8 24. g4 hxg3+ 25. Kxg3 Ne6 26. Bg4 Bxg4 27. hxg4
Kg7 28. Rh1 Nc7 29. Rh2 Na8 30. Na4 b5 31. cxb6 Rb7 32. Rb1 Reb8 33. f4 Nxb6
34. Rhb2 Re7 35. Rxb6 Rxe3+ 36. Kf2 Rxb6 37. Nxb6 Rd3 38. Rc1 Rxd4 39. Ke3 Re4+
40. Kf3 Rd4 41. a4 Rb4 42. Rxc6 d4 43. Rc4 1-0

[Event "Olimpiada Calviá 2004"]
[Site "Calviá ESP"]
[Date "2004.10.17"]
[Round "3.56"]
[White "Hook, William"]
[Black "Chong, Chor Yuen"]
[Result "1-0"]
[WhiteElo "2108"]
[BlackElo "2146"]
[PlyCount "111"]
[EventDate "2004.10.15"]
[EventType "team"]
[EventRounds "14"]
[EventCountry "ESP"]
[Source "lmi"]
[SourceDate "2004.10.27"]

1. d4 Nf6 2. c4 e6 3. Nf3 b6 4. Nc3 Bb7 5. e3 Be7 6. Be2 O-O 7. O-O d5 8. b3
Nbd7 9. Bb2 c5 10. Rc1 Rc8 11. Qd3 Bd6 12. Rfd1 Bb8 13. cxd5 exd5 14. dxc5 Nxc5
15. Qf5 Qe7 16. Nb5 Qd7 17. Nfd4 Qxf5 18. Nxf5 Rcd8 19. Bxf6 gxf6 20. Nc3 Rfe8
21. Bf3 Re5 22. g4 h5 23. h3 Kh7 24. Ng3 hxg4 25. hxg4 Rg8 26. Nxd5 Bxd5 27.
Rxd5 Rxd5 28. Bxd5 Rxg4 29. Kg2 Kg7 30. f4 a5 31. Kf3 Rg6 32. a3 Kh8 33. Bxf7
Rg7 34. Rh1+ Rh7 35. Rxh7+ Kxh7 36. b4 axb4 37. axb4 Nb7 38. Bc4 Bd6 39. Bd5
Nd8 40. b5 Kg6 41. Kg4 Bc5 42. e4 Bd4 43. Nf5 Bg1 44. Ne7+ Kg7 45. Kf5 Nf7 46.
Bxf7 Kxf7 47. Nd5 Bd4 48. e5 fxe5 49. fxe5 Bc5 50. e6+ Ke8 51. Ke5 Kd8 52. Kf6
Bd4+ 53. Kf7 Bc5 54. e7+ Bxe7 55. Nxe7 Kd7 56. Nf5 1-0

[Event "Olimpiada Calviá 2004"]
[Site "Calviá ESP"]
[Date "2004.10.17"]
[Round "3.58"]
[White "Baules, Jorge"]
[Black "Mok, Tze-Meng"]
[Result "0-1"]
[WhiteElo "2275"]
[BlackElo "2336"]
[PlyCount "160"]
[EventDate "2004.10.15"]
[EventType "team"]
[EventRounds "14"]
[EventCountry "ESP"]
[Source "lmi"]
[SourceDate "2004.10.27"]

1. e4 g6 2. d4 Bg7 3. Nf3 c6 4. Be2 d5 5. e5 Bg4 6. O-O e6 7. Nc3 Ne7 8. h3
Bxf3 9. Bxf3 O-O 10. Ne2 c5 11. c3 Nbc6 12. Bg5 h6 13. Be3 Nf5 14. Qd2 Qa5 15.
Rfd1 Rac8 16. Bg4 cxd4 17. cxd4 Qxd2 18. Bxd2 Ncxd4 19. Nxd4 Nxd4 20. Bb4 Bxe5
21. Bxf8 Kxf8 22. Rac1 Rc6 23. b4 Rc4 24. Re1 Bf4 25. Rxc4 dxc4 26. Rd1 Be5 27.
Bf3 f5 28. Rc1 b5 29. Bd1 Bd6 30. a3 Ke7 31. Kf1 Kd7 32. Be2 Kc6 33. Bxc4 bxc4
34. Rxc4+ Kd5 35. Rc8 Nb5 36. a4 Nd4 37. Ra8 Bxb4 38. Rxa7 Nc6 39. Rh7 h5 40.
Rb7 e5 41. a5 Bxa5 42. Rg7 h4 43. Rxg6 Nd4 44. Rg8 Bd2 45. Rf8 e4 46. Re8 f4
47. Re7 e3 48. fxe3 fxe3 49. Re8 Kc4 50. g3 hxg3 51. Kg2 e2 52. Kxg3 e1=Q+ 53.
Rxe1 Bxe1+ 54. Kg4 Kd5 55. h4 Ke4 56. h5 Bd2 57. Kg3 Kf5 58. Kh4 Be1+ 59. Kh3
Kg5 60. h6 Kxh6 61. Kg4 Bd2 62. Kh4 Kg6 63. Kg4 Kf6 64. Kg3 Kf5 65. Kg2 Kg4 66.
Kf2 Kh3 67. Kg1 Kg3 68. Kf1 Kf3 69. Kg1 Nf5 70. Kf1 Ng3+ 71. Kg1 Ne4 72. Kf1
Bf4 73. Kg1 Nf2 74. Kf1 Bh2 75. Ke1 Ne4 76. Kd1 Ke3 77. Kc2 Nd2 78. Kc3 Bd6 79.
Kc2 Be5 80. Kd1 Kd3 0-1

[Event "Olimpiada Calviá 2004"]
[Site "Calviá ESP"]
[Date "2004.10.17"]
[Round "3.59"]
[White "Gajadin, Dewperkash"]
[Black "Press, Shaun"]
[Result "0-1"]
[WhiteElo "2207"]
[BlackElo "2070"]
[PlyCount "68"]
[EventDate "2004.10.15"]
[EventType "team"]
[EventRounds "14"]
[EventCountry "ESP"]
[Source "lmi"]
[SourceDate "2004.10.27"]

1. e4 e5 2. Nf3 Nc6 3. Bc4 Nf6 4. Ng5 Bc5 5. b4 Bb6 6. b5 Na5 7. Bxf7+ Ke7 8.
Nc3 h6 9. Nd5+ Nxd5 10. Bxd5 hxg5 11. d4 Ke8 12. dxe5 Qe7 13. Qf3 c6 14. bxc6
bxc6 15. Bb3 Nxb3 16. axb3 Qxe5 17. Ra4 d6 18. Bd2 g4 19. Qc3 Qxc3 20. Bxc3 Kf7
21. O-O Re8 22. Rd1 Re6 23. Rc4 Bb7 24. e5 dxe5 25. Rd7+ Re7 26. Rxe7+ Kxe7 27.
Rxg4 Kf6 28. Rf4+ Ke6 29. Re4 Bc7 30. f4 Kf5 31. Rb4 Bb6+ 32. Kh1 exf4 33. Bxg7
Rd8 34. h3 Rd1+ 0-1

[Event "Olimpiada Calviá 2004"]
[Site "Calviá ESP"]
[Date "2004.10.17"]
[Round "3.61"]
[White "Tromp, Rigoberto"]
[Black "Kato, Takeshi"]
[Result "0-1"]
[WhiteElo "2069"]
[BlackElo "2045"]
[PlyCount "86"]
[EventDate "2004.10.15"]
[EventType "team"]
[EventRounds "14"]
[EventCountry "ESP"]
[Source "lmi"]
[SourceDate "2004.10.27"]

1. e4 c5 2. Nf3 d6 3. d4 cxd4 4. Nxd4 Nf6 5. Nc3 g6 6. Be3 Bg7 7. f3 O-O 8. Qd2
Nc6 9. Be2 d5 10. Nxc6 bxc6 11. O-O-O Qa5 12. exd5 cxd5 13. Bd4 Be6 14. g4 Rfd8
15. g5 Ne8 16. a3 Rab8 17. h4 Rd7 18. Na2 Qa4 19. Nc3 Qc6 20. h5 Rdb7 21. b3
Rc7 22. hxg6 fxg6 23. Bb5 Rxb5 24. Nxb5 Qxb5 25. Kb2 Bf5 26. Rc1 e5 27. Rhe1
Nd6 28. Qh2 Bxc2 29. Rxc2 Rxc2+ 30. Qxc2 exd4 31. Ka2 d3 32. Qd2 Nb7 33. a4 Qd7
34. Qxd3 Nc5 35. Qe2 Bc3 36. Qe8+ Qxe8 37. Rxe8+ Kf7 38. Rd8 d4 39. Rd5 Ne6 40.
b4 Bxb4 41. Kb3 a5 42. f4 Bc3 43. Kc4 Nxf4 0-1

[Event "Olimpiada Calviá 2004"]
[Site "Calviá ESP"]
[Date "2004.10.17"]
[Round "3.62"]
[White "Shrestha, Bilam Lal"]
[Black "Calangi, Zachary Alexander"]
[Result "1/2-1/2"]
[WhiteElo "2180"]
[BlackElo "2142"]
[PlyCount "96"]
[EventDate "2004.10.15"]
[EventType "team"]
[EventRounds "14"]
[EventCountry "ESP"]
[Source "lmi"]
[SourceDate "2004.10.27"]

1. e4 e5 2. Nf3 Nc6 3. Bb5 a6 4. Ba4 Nf6 5. Nc3 d6 6. h3 b5 7. Bb3 Na5 8. d3
Be7 9. O-O Nxb3 10. axb3 Bb7 11. Ne2 c5 12. Ng3 O-O 13. Nf5 g6 14. Nxe7+ Qxe7
15. Bg5 Qe6 16. Qd2 Ne8 17. Bh6 Ng7 18. Ng5 Qd7 19. f4 f6 20. Nf3 Rf7 21. fxe5
dxe5 22. Bxg7 Kxg7 23. Qc3 Qd6 24. Rf2 Rc8 25. Raf1 Rcc7 26. Nh2 Bc8 27. Qd2 h5
28. g4 hxg4 29. Nxg4 Bxg4 30. hxg4 g5 31. Rh2 Qd4+ 32. Qf2 Qxf2+ 33. Kxf2 c4
34. bxc4 bxc4 35. Ke3 cxd3 36. cxd3 Rb7 37. Rfh1 Kf8 38. Rh8+ Ke7 39. Ra8 Rxb2
40. Rhh8 Rb7 41. Rxa6 Rd7 42. Kd2 Rc7 43. Rb6 Rg7 44. Ra6 Rf7 45. Ke3 Rd7 46.
Raa8 Ke6 47. Rhe8+ Rfe7 48. Rf8 Rf7 1/2-1/2

[Event "Olimpiada Calviá 2004"]
[Site "Calviá ESP"]
[Date "2004.10.17"]
[Round "3.62"]
[White "Digesh, Shanker Malla"]
[Black "Chang, Hon Kun"]
[Result "1-0"]
[WhiteElo "2253"]
[BlackElo "2073"]
[PlyCount "63"]
[EventDate "2004.10.15"]
[EventType "team"]
[EventRounds "14"]
[EventCountry "ESP"]
[Source "lmi"]
[SourceDate "2004.10.27"]

1. e4 e5 2. Nf3 Nc6 3. Bb5 a6 4. Ba4 Nf6 5. O-O b5 6. Bb3 d6 7. c3 Na5 8. Bc2
c5 9. d4 Bg4 10. dxe5 Bxf3 11. Qxf3 dxe5 12. Nd2 Nc6 13. Rd1 Bd6 14. Nf1 Qc7
15. Bg5 Be7 16. Ne3 Qb7 17. Nd5 Ng8 18. Nxe7 Ngxe7 19. Be3 c4 20. h4 f6 21. Qg4
Kf7 22. Rd7 Qc8 23. Rad1 Rd8 24. Qh5+ Kf8 25. Rxd8+ Nxd8 26. Qxh7 Nf7 27. Rd2
Qc7 28. h5 Ng8 29. b4 cxb3 30. Bxb3 Ngh6 31. Bxh6 gxh6 32. Rd6 1-0

[Event "Olimpiada Calviá 2004"]
[Site "Calviá ESP"]
[Date "2004.10.17"]
[Round "3.63"]
[White "Van Hoolandt, Patrick"]
[Black "Rowe, Peter"]
[Result "1/2-1/2"]
[WhiteElo "2269"]
[BlackElo "2085"]
[PlyCount "60"]
[EventDate "2004.10.15"]
[EventType "team"]
[EventRounds "14"]
[EventCountry "ESP"]
[Source "lmi"]
[SourceDate "2004.10.27"]

1. c4 e5 2. g3 f5 3. d4 d6 4. Nc3 Nd7 5. Bh3 g6 6. Nf3 Be7 7. e4 fxe4 8. Nxe4
Ndf6 9. Nxf6+ Bxf6 10. Bxc8 Qxc8 11. dxe5 dxe5 12. O-O Ne7 13. Re1 Qf5 14. Qe2
O-O 15. Bh6 Rf7 16. Rad1 Re8 17. Qe3 Nc6 18. Qe4 Bg7 19. Bxg7 Kxg7 20. Qxf5
gxf5 21. Rd5 Kf6 22. a3 Rfe7 23. b4 e4 24. Nh4 Re5 25. Rd7 R5e7 26. Rxe7 Rxe7
27. Rd1 Ne5 28. c5 Rd7 29. Rxd7 Nxd7 30. Kf1 Ke5 1/2-1/2

[Event "Olimpiada Calviá 2004"]
[Site "Calviá ESP"]
[Date "2004.10.17"]
[Round "3.63"]
[White "Hamperl, Fred"]
[Black "Gentilleau, Jean-Philippe"]
[Result "0-1"]
[WhiteElo "1961"]
[BlackElo "2256"]
[PlyCount "149"]
[EventDate "2004.10.15"]
[EventType "team"]
[EventRounds "14"]
[EventCountry "ESP"]
[Source "lmi"]
[SourceDate "2004.10.27"]

1. e4 b6 2. d4 Bb7 3. Bd3 Nf6 4. Qe2 Nc6 5. c3 e5 6. Nf3 d6 7. O-O Be7 8. d5
Nb8 9. c4 O-O 10. Nc3 Nbd7 11. b4 a5 12. bxa5 Rxa5 13. Bd2 Ra8 14. a4 Nc5 15.
Nb5 Rxa4 16. Rxa4 Nxa4 17. Ra1 Nc5 18. Bb4 Nfd7 19. Ne1 Ba6 20. Na7 Bb7 21. Bc2
Qb8 22. Nd3 g6 23. Nxc5 bxc5 24. Bd2 Nb6 25. Nb5 Re8 26. g3 Bc8 27. h4 h5 28.
Ba5 Bd7 29. Bxb6 Qxb6 30. Rb1 Qa5 31. Qd3 Rb8 32. Nc3 Rb4 33. Kg2 Bf8 34. Rb3
Bh6 35. Nd1 Qa6 36. Rxb4 cxb4 37. Qb3 Qb6 38. Nb2 Bd2 39. Nd3 Bg4 40. f3 Bd7
41. Bd1 Qe3 42. Nb2 Bc3 43. Na4 Qd2+ 44. Kh1 Bd4 45. g4 Qe1+ 46. Kg2 Qg1+ 47.
Kh3 hxg4+ 48. fxg4 Bxg4+ 49. Bxg4 Qh1+ 50. Kg3 Qxe4 51. Qxb4 Qf4+ 52. Kh3 Bf2
53. Qb3 e4 54. Kg2 e3 55. Qd1 Qg3+ 56. Kh1 Qxh4+ 57. Kg2 Qg3+ 58. Kh1 f5 59.
Bxf5 gxf5 60. Qf1 Qf3+ 61. Qg2+ Qxg2+ 62. Kxg2 Be1 63. Kf3 Bd2 64. Nb2 Kf7 65.
Nd3 Kf6 66. Nf4 Ke5 67. Ne6 c5 68. Ng7 Kd4 69. Nxf5+ Kd3 70. Ng3 Kxc4 71. Ke4
Kb3 72. Ne2 c4 73. Kd4 c3 74. Nxc3 Bxc3+ 75. Kxe3 0-1

[Event "Olimpiada Calviá 2004"]
[Site "Calviá ESP"]
[Date "2004.10.17"]
[Round "3.64"]
[White "Olape, Bunmi"]
[Black "Zahiruddin, Asefi"]
[Result "0-1"]
[WhiteElo "2304"]
[BlackElo "2064"]
[PlyCount "57"]
[EventDate "2004.10.15"]
[EventType "team"]
[EventRounds "14"]
[EventCountry "ESP"]
[Source "lmi"]
[SourceDate "2004.10.27"]

1. e4 g6 2. d4 Bg7 3. Bc4 c5 4. c3 Qa5 5. Be3 cxd4 6. Bxd4 e5 7. Be3 Qc7 8. Qb3
d6 9. Na3 a6 10. Bb6 Qe7 11. Rd1 Nf6 12. f3 O-O 13. Ne2 Nbd7 14. Nc2 Nxb6 15.
Qxb6 Rd8 16. Ne3 Be6 17. O-O Bxc4 18. Nxc4 d5 19. exd5 Nxd5 20. Qf2 Bh6 21.
Rfe1 b5 22. Rxd5 Rxd5 23. Nb6 Rd3 24. Nf4 Bxf4 25. Nxa8 Rd2 26. Re2 Rxe2 27.
Qxe2 Qa7+ 28. Kf1 Qxa8 29. g3 0-1

[Event "Olimpiada Calviá 2004 Femenina"]
[Site "Calviá ESP"]
[Date "2004.10.17"]
[Round "3.24"]
[White "Connolly, Suzanne"]
[Black "Sabirova, Olga"]
[Result "0-1"]
[WhiteElo "2076"]
[BlackElo "2250"]
[PlyCount "90"]
[EventDate "2004.10.15"]
[EventType "team"]
[EventRounds "14"]
[EventCountry "ESP"]
[Source "lmi"]
[SourceDate "2004.10.27"]

1. e4 e5 2. Nf3 Nc6 3. Bb5 d6 4. O-O Bd7 5. c3 Nf6 6. Re1 Be7 7. d4 O-O 8. Nbd2
Nxd4 9. cxd4 Bxb5 10. dxe5 dxe5 11. Nxe5 Bc5 12. Ng4 Nxg4 13. Qxg4 Qe7 14. Nf3
Rad8 15. Bg5 f6 16. Bd2 Rfe8 17. Bc3 Bb4 18. Nd4 Bxc3 19. bxc3 Bd7 20. Nf5 Bxf5
21. Qxf5 Qe5 22. Qxe5 Rxe5 23. f3 Rd2 24. Red1 Rc2 25. Rdc1 Rb2 26. Rd1 b6 27.
Rdb1 Reb5 28. Rxb2 Rxb2 29. Rd1 Rxa2 30. Rd8+ Kf7 31. Rd7+ Kg6 32. Rxc7 a5 33.
h3 a4 34. Ra7 b5 35. Kh2 Ra3 36. Rb7 Rb3 37. Kg3 a3 38. Kf4 Rb2 39. g3 Rc2 40.
h4 h5 41. g4 Kh7 42. Kg3 Re2 43. Kf4 Rc2 44. Kg3 Kh6 45. gxh5 Kxh5 0-1

[Event "Olimpiada Calviá 2004 Femenina"]
[Site "Calviá ESP"]
[Date "2004.10.17"]
[Round "3.40"]
[White "Sabah Moslem, Raneen"]
[Black "Maeckelberg, Mieke"]
[Result "0-1"]
[WhiteElo "1912"]
[BlackElo "2020"]
[PlyCount "105"]
[EventDate "2004.10.15"]
[EventType "team"]
[EventRounds "14"]
[EventCountry "ESP"]
[Source "lmi"]
[SourceDate "2004.10.27"]

1. e4 Nf6 2. e5 Nd5 3. d4 d6 4. Bc4 Nb6 5. Bb3 dxe5 6. dxe5 Qxd1+ 7. Kxd1 Nc6
8. f4 Bg4+ 9. Ke1 O-O-O 10. Nc3 e6 11. Be3 Bb4 12. Kf2 Rd7 13. h3 Bh5 14. g4
Bg6 15. Nge2 Rhd8 16. Rhd1 Bxc3 17. Rxd7 Rxd7 18. bxc3 Nd5 19. Kf3 Nxe3 20.
Kxe3 Ne7 21. c4 c5 22. c3 Kc7 23. Ng3 Rd3+ 24. Kf2 Rxc3 25. Rd1 Bd3 26. Kg2
Bxc4 27. Ne4 Bxb3 28. Nxc3 Bxd1 29. Nxd1 Nd5 30. Kf3 b5 31. f5 c4 32. Ke4 c3
33. Kd3 b4 34. Kc2 Kc6 35. Nf2 a5 36. Ne4 exf5 37. gxf5 Ne3+ 38. Kc1 Kd5 39. f6
g6 40. Ng5 Kxe5 41. Nxh7 Nd5 42. Ng5 Kxf6 43. Ne4+ Ke5 44. Nc5 Ne3 45. Nb3 Nc4
46. Nc5 Kf4 47. Kc2 Kg3 48. Ne4+ Kxh3 49. Ng5+ Kg4 50. Nxf7 Kh4 51. Nd8 g5 52.
Ne6 Kh5 53. Nd4 0-1

[Event "Olimpiada Calviá 2004"]
[Site "Calviá ESP"]
[Date "2004.10.18"]
[Round "4.2"]
[White "Arizmendi, Martinez Julen"]
[Black "Stanojoski, Zvonko"]
[Result "1-0"]
[WhiteElo "2531"]
[BlackElo "2506"]
[PlyCount "79"]
[EventDate "2004.10.15"]
[EventType "team"]
[EventRounds "14"]
[EventCountry "ESP"]
[Source "lmi"]
[SourceDate "2004.10.27"]

1. e4 c5 2. Nf3 Nc6 3. d4 cxd4 4. Nxd4 g6 5. Nc3 Bg7 6. Be3 Nf6 7. Bc4 O-O 8.
Bb3 d6 9. f3 Bd7 10. h4 Nxd4 11. Bxd4 a5 12. a4 Be6 13. Qd2 Bxb3 14. cxb3 Rc8
15. O-O-O d5 16. e5 Nd7 17. f4 Nc5 18. Bxc5 Rxc5 19. Kb1 e6 20. h5 Qb6 21. Nb5
Rfc8 22. Nd4 R5c7 23. Qd3 f6 24. Qg3 fxe5 25. fxe5 Rf8 26. hxg6 h6 27. Rhe1 Re7
28. Re3 Ree8 29. Rf3 Qd8 30. Rxf8+ Bxf8 31. Qf4 Qe7 32. Rf1 Bg7 33. Qf7+ Kh8
34. Qxe7 Rxe7 35. Rf7 Re8 36. Nf3 Bf8 37. Rxb7 Be7 38. Nd4 Bc5 39. Nc6 Rg8 40.
Rh7# 1-0